Актуальные проблемы военно-научных исследований. Вып. 8 (9) (спец. вып.): Сборник статей II ежегодной межвузовской научно-практической конференции "Развитие систем жизнеобеспечения, энергосбережение и охрана окружающей среды", [29 мая 2020 г.] (Запись № 11865080)
[ простой вид ]
| 000 -МАРКЕР | |
|---|---|
| контрольное поле | 02705nam2a2200325 4500 |
| 001 - ИДЕНТИФИКАТОР ЗАПИСИ | |
| контрольное поле | RU\NLR\PER_A\012091206_000150 |
| 005 - ИДЕНТИФИКАТОР ВЕРСИИ | |
| контрольное поле | 20250624032646.0 |
| 035 ## - ДРУГИЕ СИСТЕМНЫЕ НОМЕРА | |
| Идентификатор записи | (NLR Aleph) 012428964 |
| 100 ## - ДАННЫЕ ОБЩЕЙ ОБРАБОТКИ | |
| Данные общей обработки | 20201229d2020 |||y0rusy50 ca |
| 101 0# - ЯЗЫК РЕСУРСА | |
| Язык текста, звукозаписи и т.д. | русский |
| Язык резюме | английский |
| 102 ## - СТРАНА ПУБЛИКАЦИИ ИЛИ ПРОИЗВОДСТВА | |
| Страна публикации | Российская Федерация |
| 200 1# - ЗАГЛАВИЕ И СВЕДЕНИЯ ОБ ОТВЕТСТВЕННОСТИ | |
| Основное заглавие | Сборник статей II ежегодной межвузовской научно-практической конференции "Развитие систем жизнеобеспечения, энергосбережение и охрана окружающей среды", [29 мая 2020 г.] |
| 210 ## - ПУБЛИКАЦИЯ, РАСПРОСТРАНЕНИЕ И ДР. | |
| Дата издания, распространения и т.д. | 2020 |
| Место издания, распространения и т.д. | Б. м. |
| 215 ## - ФИЗИЧЕСКАЯ ХАРАКТЕРИСТИКА | |
| Специфическое обозначение материала и объем | 274 с. |
| Другие сведения о физической характеристике | ил. |
| Размеры | 21 |
| 300 ## - ОБЩИЕ ПРИМЕЧАНИЯ | |
| Текст примечания | Рез. на англ. яз. |
| 313 ## - ПРИМЕЧАНИЯ, ОТНОСЯЩИЕСЯ К ТЕМАТИЧЕСКОМУ ДОСТУПУ | |
| Текст примечания | 1-я конф. 2019 |
| 320 ## - ПРИМЕЧАНИЯ О НАЛИЧИИ В ДОКУМЕНТЕ БИБЛИОГРАФИИ / УКАЗАТЕЛЯ | |
| Текст примечания | Библиогр. в конце ст. |
| 461 #0 - УРОВЕНЬ НАБОРА | |
| Встроенное поле | 001RU\NLR\BIBL_A\012091206 |
| -- | 2001#$aАктуальные проблемы военно-научных исследований$eсборник научных трудов$fВоен. акад. матер.-техн. обеспечения, Воен. ин-т (инж.-техн.) ВА МТО (Воен. академии матер.-техн. обеспечения им. А.В. Хрулева) [и др.]$vВып. 8 (9) (спец. вып.) |
| Системный номер (АБИС) связанной записи | 11855569 |
| Место публикации | Санкт-Петербург |
| Дата публикации | 2019 - |
| Первые сведения об ответственности | Воен. акад. матер.-техн. обеспечения, Воен. ин-т (инж.-техн.) ВА МТО (Воен. академии матер.-техн. обеспечения им. А.В. Хрулева) [и др.] |
| Имя издателя, распространителя и т.д. | ВИ (ИТ) ВА МТО |
| Сведения, относящиеся к заглавию | сборник научных трудов |
| Заглавие | Актуальные проблемы военно-научных исследований |
| ISSN | 2658-7009 |
| Номер тома | Вып. 8 (9) (спец. вып.) |
| 606 1# - НАИМЕНОВАНИЕ ТЕМЫ КАК ПРЕДМЕТ | |
| Наименование темы | Электрическая энергия |
| Формальный подзаголовок | Сборники |
| Тематический подзаголовок | Экономия |
| Системный номер авторитетной/нормативной записи | 1357406 |
| Идентификатор авторитетной/нормативной записи | RU\NLR\AUTH\66567551 |
| 606 1# - НАИМЕНОВАНИЕ ТЕМЫ КАК ПРЕДМЕТ | |
| Наименование темы | Специальные сооружения военного назначения |
| Формальный подзаголовок | Сборники |
| Тематический подзаголовок | Системы жизнеобеспечения |
| Системный номер авторитетной/нормативной записи | 2198704 |
| Идентификатор авторитетной/нормативной записи | RU\NLR\AUTH\6601556426 |
| 606 1# - НАИМЕНОВАНИЕ ТЕМЫ КАК ПРЕДМЕТ | |
| Наименование темы | Электрические установки в военно-инженерном деле |
| Формальный подзаголовок | Сборники |
| Системный номер авторитетной/нормативной записи | 1958253 |
| Идентификатор авторитетной/нормативной записи | RU\NLR\AUTH\661183800 |
| 686 1# - ИНДЕКСЫ ДРУГИХ КЛАССИФИКАЦИЙ | |
| Индекс | Ц715-4я43 |
| 686 1# - ИНДЕКСЫ ДРУГИХ КЛАССИФИКАЦИЙ | |
| Индекс | Ц561.28я43 |
| 710 12 - НАИМЕНОВАНИЕ ОРГАНИЗАЦИИ - ПЕРВИЧНАЯ ОТВЕТСТВЕННОСТЬ | |
| Начальный элемент ввода | "Развитие систем жизнеобеспечения, энергосбережение и охрана окружающей среды", межвузовская научно-практическая конференция |
| Порядковый номер временной организации и / или порядковый номер ее части | 2 |
| Место проведения временной организации | Санкт-Петербург |
| Дата проведения временной организации | 2020 |
| Системный номер авторитетной/нормативной записи | 729837 |
| Идентификатор авторитетной/нормативной записи | RU\NLR\AUTH\880533633 |
| 852 ## - МЕСТОНАХОЖДЕНИЕ И ШИФР ХРАНЕНИЯ | |
| Идентификатор организации | NLR |
| Шифр хранения (Call Number) | П10/7830 |
| 942 ## - ДОПОЛНИТЕЛЬНЫЕ ЭЛЕМЕНТЫ ЗАПИСИ (АБИС) | |
| Тип экземпляра АБИС | Выпуск |
| 980 ## - КОЛЛЕКЦИЯ | |
| Название коллекции | Национальная библиография |
| 980 ## - КОЛЛЕКЦИЯ | |
| Название коллекции | Русская периодика |
Нет доступных экземпляров.